01020 2200229 4500001002100000005001500021035002000036007000300056008004100059020002200100082001000122084001600132100003700148245008700185250002500272260005500297300002800352700003400380650001700414520034200431990001700773INLIS00000000000034620260430022802 a0010-0323000240ta260430 c 1 ind  a978-602-254-026-2 a741.5 a741.5 NAU m0 aNaura Athaya , dkk ( Pengarang )1 aMermaid's message :bkomik kkpk /cNaura Athaya , dkk ; penyunting, Vicky Larasita a-Cet.1,Februari 2020 aBandung :bDar ! Mizan ( PT Mizan Pustaka ),c2020 a88 :bilus. ;c21 cme-0 aVicky Larasita ( Penyunting ) 4aKomik,Bacaan aKalian pernah melihat sosok mermaid atau putri duyung cantik? Sandra belum pernah, makanya dia ingin sekali bertemu mermaid, meskipun teman-temannya tidak percaya kalau mermaid itu ada. Ketika Sandra dan teman-temannya sedang asyik mencari batu karang di pantai, tiba-tiba ... DUK! Ada sebuah botol kecil yang dilempar dan mengena ... a00048/K/2020